000
00195 a2200097 4500
001
63123
090
_c
37290
_d
37290
100
_a
David, Morrell
245
_a
Testament
260
_a
London
_b
Pan Books
_c
1976
942
_a
NUST-CAE
999
_c
298196
_d
298196